[Event "Paul Keres Mem 2013"]
[Site "Tallinn EST"]
[Date "2013.01.13"]
[Round "6.1"]
[White "Ehlvest, Jaan"]
[Black "Fridman, Daniel"]
[Result "1/2-1/2"]
[WhiteTitle "GM"]
[BlackTitle "GM"]
[WhiteElo "2605"]
[BlackElo "2667"]
[WhiteFideId "4500016"]
[BlackFideId "11600454"]
[EventDate "2013.01.12"]

1. e4 e5 2. Nf3 Nf6 3. d4 Nxe4 4. Bd3 d5 5. Nxe5 Nd7 6. O-O Nxe5 7. dxe5 Nc5 8.
Be2 Be7 9. Be3 O-O 10. c4 Be6 11. cxd5 Qxd5 12. Qxd5 Bxd5 13. Nc3 Bc6 14. Rfd1 1/2-1/2

[Event "Paul Keres Mem 2013"]
[Site "Tallinn EST"]
[Date "2013.01.13"]
[Round "6.2"]
[White "Berzina, Ilze"]
[Black "Khalifman, Alexander"]
[Result "0-1"]
[WhiteTitle "WGM"]
[BlackTitle "GM"]
[WhiteElo "2292"]
[BlackElo "2614"]
[WhiteFideId "11601345"]
[BlackFideId "4100115"]
[EventDate "2013.01.12"]

1. e4 c5 2. Nf3 e6 3. c4 Nc6 4. Nc3 Nd4 5. d3 Ne7 6. Nxd4 cxd4 7. Nb1 Nc6 8. Be2
g6 9. O-O Bg7 10. f4 O-O 11. Nd2 d6 12. Nf3 e5 13. f5 gxf5 14. exf5 Bxf5 15.
Nxe5 dxe5 16. Rxf5 Qd7 17. Bg4 Qd6 18. Bg5 f6 19. Bd2 Ne7 20. Rf2 f5 21. Bh3 e4
22. Bg5 e3 23. Rf3 f4 24. Qb3 Qe5 25. Bxe7 Qxe7 26. Raf1 Rae8 27. Bg4 e2 28. Re1
Qh4 0-1

[Event "Paul Keres Mem 2013"]
[Site "Tallinn EST"]
[Date "2013.01.13"]
[Round "6.3"]
[White "Sveshnikov, Evgeny"]
[Black "Malisauskas, Vidmantas"]
[Result "1/2-1/2"]
[WhiteTitle "GM"]
[BlackTitle "GM"]
[WhiteElo "2521"]
[BlackElo "2450"]
[WhiteFideId "4100638"]
[BlackFideId "12800031"]
[EventDate "2013.01.12"]

1. e4 c6 2. d4 d5 3. exd5 cxd5 4. Nf3 Nf6 5. Bf4 g6 6. c3 Nc6 7. Bd3 Bg7 8. h3
Bf5 9. Bxf5 gxf5 10. O-O O-O 11. Ne5 Nxe5 12. Bxe5 Ne4 13. Bf4 e6 14. Nd2 Qh4
15. Bh2 Nxd2 16. Qxd2 Bh6 17. Qe2 f4 18. Rfe1 Rae8 19. Rad1 Qf6 20. b3 Kh8 21.
c4 dxc4 22. bxc4 Rd8 23. d5 exd5 24. cxd5 Rd7 25. Qf3 Rfd8 26. g4 Qg5 27. d6 Qf6
28. Rd5 Rxd6 29. Rf5 Qg6 30. Qxb7 Rd3 31. Kg2 f3+ 32. Rxf3 Rxf3 33. Qxf3 Kg8 34.
Re7 a6 35. Ra7 Bf8 36. Be5 Qe6 37. a4 Bc5 38. Rb7 Bd4 39. Bxd4 Rxd4 40. Rb8+ Kg7
41. Qb7 Qe4+ 42. Qxe4 Rxe4 43. a5 Re5 44. Rb6 Rxa5 45. h4 h6 46. Kg3 Ra4 47. g5
hxg5 48. hxg5 a5 49. Ra6 Rb4 50. Rxa5 f6 51. gxf6+ Kxf6 52. Rh5 Ra4 53. Rd5 Rb4
54. Rd3 Kf5 55. Rf3+ Kg5 56. Rf8 Rb3+ 57. f3 Rb4 58. Rg8+ Kf5 59. Rd8 Ra4 60.
Rd5+ Kf6 61. Rh5 Rb4 62. Rh4 Rxh4 63. Kxh4 Kf5 64. Kg3 1/2-1/2

[Event "Paul Keres Mem 2013"]
[Site "Tallinn EST"]
[Date "2013.01.13"]
[Round "6.4"]
[White "Reizniece-Ozola, Dana"]
[Black "Maiorov, Nikita1"]
[Result "0-1"]
[WhiteTitle "WGM"]
[BlackTitle "GM"]
[WhiteElo "2273"]
[BlackElo "2537"]
[WhiteFideId "11601124"]
[BlackFideId "13501720"]
[EventDate "2013.01.12"]

1. c4 e5 2. Nc3 Nf6 3. g3 Bb4 4. Bg2 O-O 5. Nf3 Nc6 6. O-O d6 7. Nd5 Bc5 8. a3
a5 9. Rb1 Ba7 10. b4 axb4 11. axb4 Nxd5 12. cxd5 Ne7 13. d4 Nxd5 14. Qb3 Nb6 15.
dxe5 Bf5 16. Ra1 dxe5 17. Nxe5 Be6 18. Qc2 Nd5 19. Bb2 Nxb4 20. Qc3 Na2 21. Rxa2
Bxa2 22. Nc6 Bd4 23. Nxd4 f6 24. Bxb7 Ra4 25. Bc6 Ra6 26. Bb5 Rb6 27. Bc4+ Bxc4
28. Qxc4+ Rf7 29. Ba3 Qd7 30. Rc1 g6 31. Nc6 Kg7 32. e4 Qd2 33. Nd8 Qxd8 34. e5
fxe5 35. Bc5 Rbf6 36. Qe4 Qe8 37. Be3 Qe6 38. Qh4 Rd7 39. Bg5 Rf5 40. Ra1 Qc6
41. Rb1 h5 42. g4 Qe4 0-1

[Event "Paul Keres Mem 2013"]
[Site "Tallinn EST"]
[Date "2013.01.13"]
[Round "6.5"]
[White "Volodin, Aleksandr"]
[Black "Shirov, Alexei"]
[Result "0-1"]
[WhiteTitle "GM"]
[BlackTitle "GM"]
[WhiteElo "2506"]
[BlackElo "2708"]
[WhiteFideId "4501950"]
[BlackFideId "2209390"]
[EventDate "2013.01.12"]

1. d4 Nf6 2. c4 e6 3. Nf3 b6 4. a3 Bb7 5. Nc3 g6 6. d5 Bg7 7. e4 O-O 8. Bd3 c6
9. Bg5 h6 10. Bxf6 Qxf6 11. O-O d6 12. Rc1 Nd7 13. b4 Rac8 14. dxe6 Qxe6 15. Re1
Rfd8 16. Qa4 a6 17. Bf1 Ne5 18. Nd2 h5 19. Nd1 Bh6 20. Ne3 Ng4 21. Qb3 c5 22.
Nxg4 Bxd2 23. Qb2 Bxc1 24. Nf6+ Kh8 25. Rxc1 Qe5 26. Qxe5 dxe5 27. Nd5 Bxd5 28.
exd5 cxb4 29. axb4 b5 30. g3 Rxd5 31. c5 Rd4 32. Rb1 Rcd8 33. Be2 e4 34. Kf1 Kg7 0-1

[Event "Paul Keres Mem 2013"]
[Site "Tallinn EST"]
[Date "2013.01.13"]
[Round "7.1"]
[White "Shirov, Alexei"]
[Black "Ehlvest, Jaan"]
[Result "1/2-1/2"]
[WhiteTitle "GM"]
[BlackTitle "GM"]
[WhiteElo "2708"]
[BlackElo "2605"]
[WhiteFideId "2209390"]
[BlackFideId "4500016"]
[EventDate "2013.01.12"]

1. e4 c5 2. Nf3 e6 3. d4 cxd4 4. Nxd4 Nc6 5. Nc3 a6 6. Be3 Qc7 7. Qd2 Nf6 8.
O-O-O d6 9. f3 Be7 10. g4 b5 11. g5 Nd7 12. h4 Bb7 13. h5 Rc8 14. Nxc6 Qxc6 15.
a3 Ne5 16. f4 Nc4 17. Bxc4 Qxc4 18. Bd4 O-O 19. g6 h6 20. Rhg1 f5 21. exf5 Rxf5
22. Rge1 e5 23. fxe5 dxe5 24. Be3 Bc6 25. Kb1 b4 26. Nd5 Bxd5 27. Qxd5+ Qxd5 28.
Rxd5 bxa3 29. Rd7 Bf8 30. Red1 Rxh5 31. Rd8 Rxd8 32. Rxd8 Rf5 33. c4 h5 34. c5
Rf6 35. Bg5 Re6 36. Rc8 Rxg6 37. Be7 Kf7 38. Bxf8 h4 39. Bd6 e4 40. Rh8 Rh6 41.
Rxh6 gxh6 42. bxa3 Ke6 43. Kc2 Kd5 44. Kd2 h3 45. Ke3 h2 1/2-1/2

[Event "Paul Keres Mem 2013"]
[Site "Tallinn EST"]
[Date "2013.01.13"]
[Round "7.2"]
[White "Maiorov, Nikita1"]
[Black "Volodin, Aleksandr"]
[Result "0-1"]
[WhiteTitle "GM"]
[BlackTitle "GM"]
[WhiteElo "2537"]
[BlackElo "2506"]
[WhiteFideId "13501720"]
[BlackFideId "4501950"]
[EventDate "2013.01.12"]

1. d4 Nf6 2. c4 c5 3. d5 b5 4. cxb5 a6 5. bxa6 g6 6. Nc3 Bxa6 7. g3 d6 8. Bg2
Bg7 9. Nf3 Nfd7 10. Qc2 Nb6 11. h4 h6 12. h5 g5 13. Nh2 N8d7 14. Ng4 Nc4 15. O-O
Rb8 16. a4 Qa5 17. Rb1 Qb4 18. Nb5 Bxb5 19. axb5 Qxb5 20. b3 Nde5 21. Nxe5 Nxe5
22. Bb2 Bf6 23. Bc3 Qd7 24. b4 cxb4 25. Bxb4 Rc8 26. Qb3 Qg4 27. Rfc1 O-O 28.
Rxc8 Rxc8 29. Bf3 Nxf3+ 30. Qxf3 Qxf3 31. exf3 Rb8 0-1

[Event "Paul Keres Mem 2013"]
[Site "Tallinn EST"]
[Date "2013.01.13"]
[Round "7.3"]
[White "Malisauskas, Vidmantas"]
[Black "Reizniece-Ozola, Dana"]
[Result "1-0"]
[WhiteTitle "GM"]
[BlackTitle "WGM"]
[WhiteElo "2450"]
[BlackElo "2273"]
[WhiteFideId "12800031"]
[BlackFideId "11601124"]
[EventDate "2013.01.12"]

1. d4 Nf6 2. c4 g6 3. Nc3 Bg7 4. e4 d6 5. Be2 O-O 6. Bg5 c5 7. d5 b5 8. cxb5 a6
9. bxa6 Bxa6 10. Bxa6 Nxa6 11. Nge2 h6 12. Bd2 Nb4 13. O-O Nd3 14. Qc2 c4 15. b3
Nb4 16. Qd1 cxb3 17. Qxb3 Nd3 18. Nd4 Qd7 19. Nc6 e6 20. Qc2 Nc5 21. h3 Rfc8 22.
Rfe1 Kh7 23. Rab1 Ra3 24. Rb8 Rxb8 25. Nxb8 Qb7 26. Rb1 Qc8 27. Nb5 Ra8 28. Nxd6
Qc7 29. Be3 Rxb8 30. Rxb8 Qxb8 31. Bxc5 exd5 32. exd5 Nxd5 33. Qb3 Qa8 34. Qb7
Qxa2 35. Qxf7 Qa1+ 36. Kh2 Qe5+ 37. g3 Ne7 38. Ne8 Nf5 39. Bf8 Qb2 40. Qa7 Qd4
41. Bc5 Qe5 42. Qf7 Kh8 43. Bf8 1-0

[Event "Paul Keres Mem 2013"]
[Site "Tallinn EST"]
[Date "2013.01.13"]
[Round "7.4"]
[White "Khalifman, Alexander"]
[Black "Sveshnikov, Evgeny"]
[Result "1/2-1/2"]
[WhiteTitle "GM"]
[BlackTitle "GM"]
[WhiteElo "2614"]
[BlackElo "2521"]
[WhiteFideId "4100115"]
[BlackFideId "4100638"]
[EventDate "2013.01.12"]

1. c4 e6 2. Nf3 d5 3. d4 Nf6 4. Nc3 c6 5. e3 Nbd7 6. Qc2 b6 7. Bd3 Bb7 8. O-O
Be7 9. b3 Qc7 10. Bb2 Rd8 11. Rac1 Qb8 12. Rfe1 O-O 13. e4 dxe4 14. Nxe4 Nxe4
15. Bxe4 Nf6 16. Bd3 h6 17. c5 Nd5 18. a3 Bf6 19. Ne5 Bxe5 20. dxe5 bxc5 21.
Red1 Nf4 22. Bf1 Rxd1 23. Rxd1 Rd8 24. Rxd8+ Qxd8 25. g3 Nd5 26. Qxc5 Qb6 27.
Qxb6 axb6 28. b4 Kf8 29. Bd4 Ke8 30. f4 Kd7 31. Kf2 h5 32. Bd3 g6 33. Ke2 Kc7
34. Bc4 Bc8 35. Kd2 Kb7 36. Kc2 Kc7 1/2-1/2

[Event "Paul Keres Mem 2013"]
[Site "Tallinn EST"]
[Date "2013.01.13"]
[Round "7.5"]
[White "Fridman, Daniel"]
[Black "Berzina, Ilze"]
[Result "1-0"]
[WhiteTitle "GM"]
[BlackTitle "WGM"]
[WhiteElo "2667"]
[BlackElo "2292"]
[WhiteFideId "11600454"]
[BlackFideId "11601345"]
[EventDate "2013.01.12"]

1. c4 e5 2. g3 Nf6 3. Bg2 d5 4. cxd5 Nxd5 5. Nc3 Nb6 6. e3 Nc6 7. Nge2 Be7 8.
O-O O-O 9. f4 exf4 10. Nxf4 Ne5 11. d4 Ng6 12. e4 c5 13. Nxg6 hxg6 14. d5 Nc4
15. Qe2 Ne5 16. Bf4 Bd6 17. Nb5 Bg4 18. Qc2 a6 19. Nxd6 Qxd6 20. Bxe5 Qxe5 21.
Qxc5 Qxb2 22. Rab1 Qxa2 23. Rxb7 Rac8 24. Rc7 Rb8 25. h3 Be2 26. Rf2 Qb1+ 27.
Kh2 Bd3 28. Qa7 Ra8 29. Qd4 Rab8 30. e5 Qe1 31. e6 Bf5 32. Rxf7 Rxf7 33. exf7+
Kxf7 34. Qa7+ 1-0

[Event "Paul Keres Mem 2013"]
[Site "Tallinn EST"]
[Date "2013.01.13"]
[Round "8.1"]
[White "Ehlvest, Jaan"]
[Black "Berzina, Ilze"]
[Result "1-0"]
[WhiteTitle "GM"]
[BlackTitle "WGM"]
[WhiteElo "2605"]
[BlackElo "2292"]
[WhiteFideId "4500016"]
[BlackFideId "11601345"]
[EventDate "2013.01.12"]

1. Nf3 d5 2. g3 Bg4 3. Bg2 Nd7 4. O-O c6 5. d3 Ngf6 6. c4 e6 7. cxd5 exd5 8. Qc2
Bc5 9. Nc3 O-O 10. e4 Re8 11. h3 Bh5 12. Nh4 Ne5 13. exd5 cxd5 14. Bg5 Rc8 15.
Nxd5 Ned7 16. Rfe1 Qa5 17. Rxe8+ Rxe8 18. Qc3 Qxc3 19. Nxc3 Be2 20. Bf1 Bxf1 21.
Kxf1 h6 22. Bxf6 Nxf6 23. Nf3 Rd8 24. Rd1 Nd5 25. d4 Bb6 26. Ke2 f6 27. a3 Kf7
28. Kd3 h5 29. h4 Ne7 30. Na4 Bc7 31. Rc1 Bd6 32. Nc5 b6 33. Nb7 Rd7 34. Nxd6+
Rxd6 35. Rc7 a6 36. Nd2 b5 37. Ne4 Rc6 38. Ra7 Rc1 39. Nc3 Rf1 40. Ke2 Rc1 41.
Nd5 1-0

[Event "Paul Keres Mem 2013"]
[Site "Tallinn EST"]
[Date "2013.01.13"]
[Round "8.3"]
[White "Reizniece-Ozola, Dana"]
[Black "Khalifman, Alexander"]
[Result "1-0"]
[WhiteTitle "WGM"]
[BlackTitle "GM"]
[WhiteElo "2273"]
[BlackElo "2614"]
[WhiteFideId "11601124"]
[BlackFideId "4100115"]
[EventDate "2013.01.12"]

1. c4 g6 2. Nc3 Bg7 3. g3 Nf6 4. Bg2 O-O 5. Nf3 c5 6. d4 cxd4 7. Nxd4 Nc6 8. O-O
d6 9. Nxc6 bxc6 10. Bxc6 Rb8 11. Bg2 Qa5 12. e4 Ba6 13. Nb5 Bxb5 14. cxb5 Qxb5
15. Rb1 Nd7 16. Be3 a5 17. b3 Nc5 18. Qd2 Qb4 19. Rfc1 Rfc8 20. Qd5 Rd8 21. Bg5
Kf8 22. h4 Qd4 23. Rd1 Qxd5 24. exd5 Rb7 25. Rbc1 Bf6 26. Be3 Na6 27. Rd2 a4 28.
bxa4 Kg7 29. Bf1 Ra8 30. Bb5 Rc7 31. Rxc7 Nxc7 32. Bc6 Ra6 33. Rc2 Na8 34. Bb7
Rxa4 35. Rc8 Rxa2 36. Bxa8 Ra4 37. Kg2 Bd4 38. Bxd4+ Rxd4 39. Bc6 h6 40. Re8 Kf6
41. Rh8 Kg7 42. Ra8 g5 43. hxg5 hxg5 44. Ra4 Rd2 45. Ra3 Rd4 46. Re3 Kf8 47. Rf3
Kg7 48. Be8 f6 49. Bc6 Kf7 50. Re3 Kf8 51. Re1 Rd2 52. Kf3 Rb2 53. Bd7 Rd2 54.
Be6 Kg7 55. Rc1 f5 56. Ke3 1-0

[Event "Paul Keres Mem 2013"]
[Site "Tallinn EST"]
[Date "2013.01.13"]
[Round "8.4"]
[White "Volodin, Aleksandr"]
[Black "Malisauskas, Vidmantas"]
[Result "1/2-1/2"]
[WhiteTitle "GM"]
[BlackTitle "GM"]
[WhiteElo "2506"]
[BlackElo "2450"]
[WhiteFideId "4501950"]
[BlackFideId "12800031"]
[EventDate "2013.01.12"]

1. d4 Nf6 2. c4 g6 3. Nc3 d5 4. cxd5 Nxd5 5. e4 Nxc3 6. bxc3 Bg7 7. Nf3 c5 8.
Be3 Qa5 9. Bd2 Bg4 10. Be2 O-O 11. O-O Qa3 12. Rb1 cxd4 13. cxd4 Bxf3 14. Bxf3
Nc6 15. d5 Nd4 16. Rxb7 a5 17. Be3 Nxf3+ 18. Qxf3 Qxa2 19. Bc5 a4 20. Bxe7 Rfb8
21. Rxb8+ Rxb8 22. Rd1 Rb1 23. g3 Bd4 24. Rxb1 Qxb1+ 25. Kg2 f5 26. d6 Kf7 27.
Bg5 Ke6 28. exf5+ Qxf5 29. Bf4 Bf6 30. Qe2+ Kf7 31. Qc4+ Qe6 32. Qxa4 g5 33. Be3
Qxd6 34. Qe4 Kg7 35. h3 h6 36. Qb7+ Qe7 37. Qc6 Qe5 38. Bc5 Kg6 39. Kh2 h5 40.
Bd6 Qe6 41. Kg2 Bd4 42. Qc2+ Qf5 43. Qxf5+ Kxf5 44. f3 g4 45. fxg4+ hxg4 46.
hxg4+ 1/2-1/2

[Event "Paul Keres Mem 2013"]
[Site "Tallinn EST"]
[Date "2013.01.13"]
[Round "8.5"]
[White "Shirov, Alexei"]
[Black "Maiorov, Nikita1"]
[Result "1-0"]
[WhiteTitle "GM"]
[BlackTitle "GM"]
[WhiteElo "2708"]
[BlackElo "2537"]
[WhiteFideId "2209390"]
[BlackFideId "13501720"]
[EventDate "2013.01.12"]

1. e4 e5 2. Nf3 Nc6 3. Bb5 a6 4. Ba4 Nf6 5. O-O Be7 6. Re1 d6 7. c3 Bg4 8. h3
Bh5 9. d3 Nd7 10. Be3 h6 11. g4 Bg6 12. Nbd2 Bg5 13. d4 Bxe3 14. Rxe3 b5 15. Bb3
Rb8 16. a4 O-O 17. axb5 axb5 18. Nf1 Nb6 19. Ng3 Qf6 20. h4 Nc4 21. Bxc4 exd4
22. Bxf7+ Rxf7 23. cxd4 Qf4 24. Rc1 Nd8 25. h5 Bh7 26. d5 Qxg4 27. Nd4 Qg5 28.
b4 Ra8 29. Nxb5 Qf6 30. Qd2 Ra4 31. Rf1 c6 32. dxc6 Nxc6 33. Nxd6 Rd7 34. Qd5+
Kh8 35. Qxc6 Raa7 36. e5 1-0

[Event "Paul Keres Mem 2013"]
[Site "Tallinn EST"]
[Date "2013.01.13"]
[Round "9.1"]
[White "Maiorov, Nikita1"]
[Black "Ehlvest, Jaan"]
[Result "0-1"]
[WhiteTitle "GM"]
[BlackTitle "GM"]
[WhiteElo "2537"]
[BlackElo "2605"]
[WhiteFideId "13501720"]
[BlackFideId "4500016"]
[EventDate "2013.01.12"]

1. d4 d5 2. c4 e6 3. Nc3 Be7 4. cxd5 exd5 5. Bf4 c6 6. e3 Nf6 7. Bd3 Nbd7 8. h3
Nf8 9. Nf3 Ne6 10. Bh2 O-O 11. Qc2 g6 12. g4 c5 13. O-O b6 14. Qe2 Bb7 15. Rad1
Bd6 16. Bxd6 Qxd6 17. Bb1 Rfe8 18. Qd2 Rad8 19. Rfe1 Ne4 20. Qc1 cxd4 21. Nxd4
Nxf2 22. Kxf2 Qh2+ 23. Kf1 Qxh3+ 24. Kf2 Qh2+ 25. Kf1 Ba6+ 26. Nce2 Qh1+ 27. Kf2
Qh2+ 28. Kf1 Ng5 29. e4 Nxe4 30. Bxe4 Rxe4 31. Qc3 Rf4+ 32. Nf3 Qg3 33. Ra1 0-1

[Event "Paul Keres Mem 2013"]
[Site "Tallinn EST"]
[Date "2013.01.13"]
[Round "9.3"]
[White "Khalifman, Alexander"]
[Black "Volodin, Aleksandr"]
[Result "1/2-1/2"]
[WhiteTitle "GM"]
[BlackTitle "GM"]
[WhiteElo "2614"]
[BlackElo "2506"]
[WhiteFideId "4100115"]
[BlackFideId "4501950"]
[EventDate "2013.01.12"]

1. Nf3 d5 2. d4 Nf6 3. c4 c6 4. Nc3 e6 5. e3 Nbd7 6. Qc2 Bd6 7. Bd3 dxc4 8. Bxc4
b5 9. Bd3 Bb7 10. O-O O-O 11. a3 Qe7 12. Ng5 h6 13. Nge4 1/2-1/2

[Event "Paul Keres Mem 2013"]
[Site "Tallinn EST"]
[Date "2013.01.13"]
[Round "9.4"]
[White "Fridman, Daniel"]
[Black "Reizniece-Ozola, Dana"]
[Result "1-0"]
[WhiteTitle "GM"]
[BlackTitle "WGM"]
[WhiteElo "2667"]
[BlackElo "2273"]
[WhiteFideId "11600454"]
[BlackFideId "11601124"]
[EventDate "2013.01.12"]

1. d4 Nf6 2. Nf3 g6 3. c4 Bg7 4. Nc3 O-O 5. e4 d6 6. Be2 e5 7. O-O Nc6 8. d5 Ne7
9. Ne1 Nd7 10. Nd3 f5 11. f3 h5 12. Bd2 Kh8 13. Rc1 Ng8 14. c5 dxc5 15. Na4 b6
16. b4 c4 17. Nf2 b5 18. Nc3 a6 19. a4 Rb8 20. axb5 axb5 21. Ra1 Ndf6 22. Be3
Bd7 23. Ra7 Ne8 24. Qa1 Ne7 25. Bc5 Nd6 26. Ra6 Nec8 27. exf5 gxf5 28. f4 e4 29.
Bxh5 Qh4 30. Bd1 Qxf4 31. Ne2 Qh6 32. Bd4 Ne7 33. Nh3 Nxd5 34. Nhf4 Nxf4 35.
Nxf4 Kg8 36. Ra3 Bxd4+ 37. Qxd4 Rf7 38. Rg3+ Kf8 39. Rh3 Qg7 40. Rh8+ Ke7 41.
Nd5+ Ke6 42. Nxc7+ Ke7 43. Nd5+ Ke6 44. Nf4+ Ke7 45. Qxg7 Rxg7 46. Rxb8 c3 47.
Nd5+ Ke6 48. Nxc3 Bc6 49. Ne2 Ke5 50. g3 Nc4 51. Rc8 Rg6 52. Nf4 Rd6 53. Be2 1-0